ბათუმის შოთა რუსთაველის სახელმწიფო უნივერსიტეტის ბიბლიოთეკა

"ვეფხისტყაოსნის" ქართული და ინგლისური ვერსიების მხატვრული თარგმანის კორპუსლინგვისტიკური ანალიზი : (ბიბ.ჩანაწერი № 63816)

000 -ლიდერი
ფიქსირებული სიგრძის საკონტროლო ველი 01656nam a22002177a 4500
003 - საკონტროლო ნომრის იდენტიფიკატორი
საკონტროლო ველი Ge_BSU
005 - ბოლო ოპერაციის თარიღი და დრო
საკონტროლო ველი 20260126204832.0
008 - ფიქსირებული სიგრძის მონაცემთა ელემენტები - ზოგადი ინფორმაცია
ფიქსირებული სიგრძის საკონტროლო ველი 260126s2025 ge ||||| |||| 00| 0 geo d
041 ## - ენის კოდი
Language code of text/sound track or separate title geo
080 ## - უნივერსალური ათობითი კლასიფიკაციის ინდექსი
Universal Decimal Classification number 82 ნ-15
100 ## - მთავარი ჩანაწერი - პიროვნების სახელი
Personal name ნაგერვაძე, თამთა
9 (RLIN) 26737
245 ## - ცნობა სათაურის შესახებ
Title "ვეფხისტყაოსნის" ქართული და ინგლისური ვერსიების მხატვრული თარგმანის კორპუსლინგვისტიკური ანალიზი :
Remainder of title დისერტაცია /
Statement of responsibility, etc თამთა ნაგერვაძე; სამეცნიერო ხელმძღვანელი ხათუნა ბერიძე, მარინე გიორგაძე; ბსუ. ჰუმანიტარულ მეცნიერებატა ფაკულტეტი. ევროპეისტიკის დეპარტამენტი.
264 ## - წარმოების, გამოცემის, დისტრიბუციის და სხვა ცნობები
გამოცემის, წარმოების, დისტრიბუციის... ადგილი ბათუმი,
გამოცემის, წარმოების, დისტრიბუციის... თარიღი 2025.
300 ## - ფიზიკური აღწერა
Extent 229 გვ. ;
Other physical details 30 სმ.
653 ## - INDEX TERM--UNCONTROLLED
Uncontrolled term დისერტაცია
653 ## - INDEX TERM--UNCONTROLLED
Uncontrolled term ფილოლოგია
700 ## - ADDED ENTRY--PERSONAL NAME
Personal name ბერიძე, ხათუნა
Relator term სამეცნიერო ხელმძღვანელი
9 (RLIN) 2372
700 ## - ADDED ENTRY--PERSONAL NAME
Personal name გიორგაძე, მარინე
Relator term სამეცნიერო ხელმძღვანელი
9 (RLIN) 26738
710 ## - ADDED ENTRY--CORPORATE NAME
Corporate name or jurisdiction name as entry element ბსუ.
Subordinate unit ჰუმანიტარულ მეცნიერებატა ფაკულტეტი. ევროპეისტიკის დეპარტამენტი.
9 (RLIN) 24980
942 ## - ADDED ENTRY ELEMENTS (KOHA)
Source of classification or shelving scheme
Koha item type დისერტაცია
ეგზემპლარები
ჩამოწერის სტატუსი დაკარგული ეგზემპლარის სტატუსი კლასიფიკაციის წყარო ან თაროზე გაწყობის სქემა დაზიანების სტატუსი არ გაიცემა მუდმივი მდებარეობა (დაცვის ადგილი) ამჟამინდელი ადგილსამყოფელი თაროზე განთავსების ადგილი შეძენის თარიღი სრული შენახვის შიფრი შტრიხკოდი ბოლო ოპერაციის თარიღი ეგზემპლარის მიმდევრობითი ნომერი (კეტერი?) ფასის ძალაში შესვლის თარიღი ეგზემპლარის სახეობა
          ბათუმის შოთა რუსთაველის სახელმწიფო უნივერსიტეტის მთავარი ბიბლიოთეკა ბათუმის შოთა რუსთაველის სახელმწიფო უნივერსიტეტის მთავარი ბიბლიოთეკა წიგნსაცავი 2026-01-26 82 ნ-15 451 დისერტაცია 2026-01-26 451 2026-01-26 დისერტაცია